| 000 | 01296nac a22002891i 4500 | ||
|---|---|---|---|
| 003 | EG-ScBUE | ||
| 005 | 20240219112558.0 | ||
| 008 | 121210s2005 enka f 000 0 ara d | ||
| 020 | _a1898209022 | ||
| 040 |
_aEG-ScBUE _bara _erda _cEG-ScBUE _dEG-ScBUE |
||
| 043 | _af-tz--- | ||
| 082 | 0 | 4 |
_a967.8103 _bب ن س _222 |
| 100 | 1 |
_aبن سعيد، زاهر، _eجامع. _931615 |
|
| 245 | 1 | 0 |
_aتنزيه الأبصار والأفكار في رحلة سلطان زنجبار / _cجمعه زاهر بن سعيد، الكاتب الأول في دار السلطان برغش ؛ رتبه وصوبه لويس صابونجي ؛ مراجعة الدكتور إبراهيم عبده. |
| 250 | _aالطبعة الأولى. | ||
| 264 | 1 |
_aلندن : _bدار الحكمة، _c2005. |
|
| 300 |
_a235 صفحة ؛ _bإيضاحيات ؛ _c24 سم |
||
| 336 |
_2rdacontent _aنص _btxt |
||
| 337 |
_aبدون وسيط _2rdamedia _bn |
||
| 338 |
_aمجلد _bnc _2rdacarrier |
||
| 651 | 7 |
_aزنجبار _xتاريخ _yالاحتلال الإنجليزي. _2BUEsh _931616 |
|
| 651 | 7 |
_aزنجبار _xتاريخ _yالعصر الحديث. _2BUEsh |
|
| 655 | _vReading book | ||
| 700 | 1 |
_aصابونجي، لويس، _eمدقق. _931617 |
|
| 700 | 1 |
_aعبده، إبراهيم، _eمراجع. _931618 |
|
| 942 |
_cBB _2ddc |
||
| 999 |
_c7869 _d7869 |
||